<?xml version="1.0" encoding="UTF-8"?>
<record
    xmlns:xsi="http://www.w3.org/2001/XMLSchema-instance"
    xsi:schemaLocation="http://www.loc.gov/MARC21/slim http://www.loc.gov/standards/marcxml/schema/MARC21slim.xsd"
    xmlns="http://www.loc.gov/MARC21/slim">

  <leader>     nam a22     7a 4500</leader>
  <datafield tag="999" ind1=" " ind2=" ">
    <subfield code="c">336570</subfield>
    <subfield code="d">336570</subfield>
  </datafield>
  <controlfield tag="003">IT-MiCISF</controlfield>
  <controlfield tag="005">20170403171520.0</controlfield>
  <controlfield tag="008">170403b        xxu||||| |||| 00| 0 eng d</controlfield>
  <datafield tag="040" ind1=" " ind2=" ">
    <subfield code="c">IT-MiCISF</subfield>
  </datafield>
  <datafield tag="041" ind1=" " ind2=" ">
    <subfield code="a">it</subfield>
  </datafield>
  <datafield tag="100" ind1=" " ind2=" ">
    <subfield code="a">Gerardi Adele (a cura di)</subfield>
    <subfield code="9">56343</subfield>
  </datafield>
  <datafield tag="245" ind1=" " ind2=" ">
    <subfield code="a">Figli e lavoro si pu&#xF2;</subfield>
  </datafield>
  <datafield tag="260" ind1=" " ind2=" ">
    <subfield code="a">Rovereto (TN)</subfield>
    <subfield code="b">GreenTrenDesign</subfield>
    <subfield code="c">2014</subfield>
  </datafield>
  <datafield tag="300" ind1=" " ind2=" ">
    <subfield code="a">pp. 89</subfield>
  </datafield>
  <datafield tag="500" ind1=" " ind2=" ">
    <subfield code="a">lavoro, famiglia, cultura, societ&#xE0;, esperienze, politica-familiare, madre-lavoratrice</subfield>
  </datafield>
  <datafield tag="520" ind1=" " ind2=" ">
    <subfield code="a">Dieci storie di conciliazione vita-lavoro per incoraggiarci a pensare che &#xE8; possibile ridisegnare un equilibrio tra gli impegni di lavoro e i carichi familiari. I protagonisti del libro si raccontano e ci descrivono come attraverso una nuova mentalit&#xE0; aziendale hanno trovato la formula migliore per non penalizzare il lavoro e non far mancare la propria presenza in famiglia. Grazie a orari flessibili, al telelavoro, ai nidi aziendali e asili nido di comunit&#xE0; lo scenario della loro vita &#xE8; cambiato, guadagnando in serenit&#xE0; e in qualit&#xE0;. Il testo ne parla attraverso le testimonianze della gente interessata, in "viva voce", sulla base della convinzione che pi&#xF9; che le linee di indirizzo della governance di un territorio, siano gli effetti concreti sulla qualit&#xE0; di vita della sua popolazione a dare la reale misura della loro efficacia.</subfield>
  </datafield>
  <datafield tag="650" ind1=" " ind2=" ">
    <subfield code="a">politica-familiare</subfield>
    <subfield code="9">56074</subfield>
  </datafield>
  <datafield tag="654" ind1=" " ind2=" ">
    <subfield code="a">intervista </subfield>
  </datafield>
  <datafield tag="942" ind1=" " ind2=" ">
    <subfield code="2">ddc</subfield>
    <subfield code="c">BK</subfield>
  </datafield>
  <datafield tag="952" ind1=" " ind2=" ">
    <subfield code="0">0</subfield>
    <subfield code="1">0</subfield>
    <subfield code="2">ddc</subfield>
    <subfield code="4">0</subfield>
    <subfield code="6">A_2136_000000000000000</subfield>
    <subfield code="7">1</subfield>
    <subfield code="a">CISF</subfield>
    <subfield code="b">CISF</subfield>
    <subfield code="d">2017-04-03</subfield>
    <subfield code="l">0</subfield>
    <subfield code="o">a2136</subfield>
    <subfield code="r">2017-04-03 00:00:00</subfield>
    <subfield code="w">2017-04-03</subfield>
    <subfield code="y">BK</subfield>
  </datafield>
</record>
